| 000 | 00753nam a2200241 i 4500 | ||
|---|---|---|---|
| 001 | 26162 | ||
| 003 | ES-MaACL | ||
| 005 | 20251015063043.0 | ||
| 007 | t| | ||
| 008 | 030108s1968 sp ||||1| spa d | ||
| 100 | 1 |
_aAron, Raymond, _d1905-1983 _923155 |
|
| 245 | 1 | 0 |
_aDemocracia y totalitarismo / _cRaymond Aron ; [Traducción de Angel Viñas]. |
| 250 | _a[1ª ed.]. | ||
| 260 |
_aBarcelona : _bSeix Barral, _c1968. |
||
| 300 |
_a311 p. ; _c20 cm. |
||
| 490 | 1 |
_aCiencias humanas ; _v275 |
|
| 650 | 7 |
_aDemocracia _2embne _911574 |
|
| 650 | 0 | 7 |
_aTotalitarismo _2embne _917571 |
| 700 | 1 |
_aViñas, Ángel, _d1941- _9115369 |
|
| 830 | 0 |
_aCiencias humanas ; _v275 _9229162 |
|
| 852 |
_aES-MaACL _jG-3931 _bR.65598 |
||
| 999 |
_c26162 _d26162 |
||